Paesi in cui si trovano Tigri - Statistics

Statistiche generali
  • Questo quiz è stato fatto 25 volte
  • Il punteggio medio è 11 su 13
Statistiche sulle risposte
Risposta % Corretto
Cina
96%
India
92%
Malesia
92%
Thailandia
92%
Cambogia
88%
Indonesia
88%
Bangladesh
83%
Laos
83%
Vietnam
83%
Birmania
79%
Nepal
79%
Russia
75%
Bhutan
63%
Nessun quiz corrispondente trovato
Distribuzione punteggi
Percentuale di utenti per punteggio
Percentile per numero di risposta
I tuoi punteggi nel tempo
Non hai fatto questo quiz